Six agricultural credit societies; (Record no. 62756)

MARC details
000 -LEADER
fixed length control field 00669cam a22002171 4500
001 - CONTROL NUMBER
control field sa 65002667
003 - CONTROL NUMBER IDENTIFIER
control field DLC
005 - DATE AND TIME OF LATEST TRANSACTION
control field 20260227112118.0
008 - FIXED-LENGTH DATA ELEMENTS--GENERAL INFORMATION
fixed length control field 791102s1964 ii b 001 0 eng
010 ## - LIBRARY OF CONGRESS CONTROL NUMBER
LC control number sa 65002667
035 ## - SYSTEM CONTROL NUMBER
System control number (OCoLC)5638272
040 ## - CATALOGING SOURCE
Original cataloging agency DLC
Transcribing agency HU
Modifying agency DLC
042 ## - AUTHENTICATION CODE
Authentication code premarc
050 00 - LIBRARY OF CONGRESS CALL NUMBER
Classification number HG2051.I4
Item number K7
100 2# - MAIN ENTRY--PERSONAL NAME
Personal name Krishna Rao, B.
245 10 - TITLE STATEMENT
Title Six agricultural credit societies;
Remainder of title a case study in Madurai and Salem districts
Statement of responsibility, etc. [by] B. Krishna Rao.
260 ## - PUBLICATION, DISTRIBUTION, ETC.
Place of publication, distribution, etc. [Madras]
Name of publisher, distributor, etc. Madras University,
Date of publication, distribution, etc. 1964.
300 ## - PHYSICAL DESCRIPTION
Extent x, 216 p.
Dimensions 23 cm.
504 ## - BIBLIOGRAPHY, ETC. NOTE
Bibliography, etc. note Bibliographical footnotes.
650 #0 - SUBJECT ADDED ENTRY--TOPICAL TERM
Topical term or geographic name entry element Agricultural cooperative credit associations
Geographic subdivision India.

No items available.

Powered by Koha